00589 2200193 4500001002100000005001500021035002000036007000300056008004100059082001000100084001600110100005200126245009900178250001100277260004700288300003100335650001600366990001300382INLIS00000000000100520230302072734 a0010-0323000011ta230302 g 0 ind  a294.5 a294.5 SRI p0 aSri Srimad. A.C. Bhaktivendata Swami Prabhupada1 aPertanyaan yang tepat jawaban yang sempurna /cSri Srimad. A.C. Bhaktivendata Swami Prabhupada acet. 1 aJakarta :bPerpustakaan Nasional RI,c2011 a111 hlm. :bIlus ;c20 cm. 4aAgama Hindu a00610061